Statistics for NBA Championship MVPs

Click here to take the quiz!

General Stats

  • This quiz has been taken 22 times
  • The average score is 18 of 19

Answer Stats

hintAnswer% Correct
iggyandre igoudala
100%
the answer is chauncey billupschauncey billups
100%
the germanatordirk nowitzki
100%
snakekevin durant
100%
snakekevin durant
100%
the mambakobe bryant
100%
the mambakobe bryant
100%
kinglebron james
100%
kinglebron james
100%
kinglebron james
100%
the opposite of a liepaul pierce
100%
duncan donutstim duncan
100%
duncan donutstim duncan
100%
3rd greatest shooting guard everdwayne wade
84%
the clawkawhi leonard
84%
sacrementoshaquille oneal
84%
sacrementoshaquille oneal
84%
sacrementoshaquille oneal
84%
toilet paper aka tptony parker
79%

Score Distribution

Percentile by Number Answered

Percent of People with Each Score

Your Score History

You have not taken this quiz